000 00427nam a2200169Ia 4500
003 GCL
040 _aGCL /
_cGCL
082 0 4 _a910.0943
_bD D
100 1 _aDIECKMANN-JUNG, INGRID
245 1 0 _aDEUTSCHLAND : STADTE UND LANDSCHAFTEN /
_cDIECKMANN-JUNG, INGRID
260 _a[S.N] :
_bPRISMA VERLAG ،
_c1983
300 _a144
650 0 4 _aGERMANY
650 0 4 _aVOYAGES AND TRAVELS
650 0 4 _aVOYAGES
942 _2ddc
_cBK
999 _c25424
_d25424